| 000 | 01071nam a22002537a 4500 | ||
|---|---|---|---|
| 001 | 2794 | ||
| 005 | 20240115143357.0 | ||
| 020 | _a9780194790703 | ||
| 040 |
_aFISKH _beng _cFISKH _dFISKH |
||
| 050 | _aPR3403.A1 | ||
| 082 | _a428.6 | ||
| 100 | _aDefoe, Daniel | ||
| 245 |
_aRobinson Crusoe / _cDaniel Dafoe |
||
| 250 | _aThis simplified edition Oxford University Press 2008 | ||
| 260 |
_aOxford : _bOxford University Press, _c1993 |
||
| 300 |
_a56 pages ; _billustrations ; _c20 cm |
||
| 505 | _aP | ||
| 520 | _aI often walked along the shore, and one day I saw something in the sand. I went over to look at it more carefully . . . It was a footprint - the footprint of a man!' In 1659 Robinson Crusoe was shipwrecked on a small island off the coast of South America. After fifteen years alone, he suddenly learns that there is another person on the island. But will this man be a friend - or an enemy? | ||
| 521 |
_a650 _bLexile |
||
| 521 |
_aP _bRaz-Plus |
||
| 700 |
_aMowat, Diane _eReteller |
||
| 700 |
_aWilliams, Anthony _eIllustrator |
||
| 942 |
_2ddc _cBK _n0 |
||
| 999 |
_c2794 _d2794 |
||